01377cam a22003497a 4500003000500000005001700005008004100022010001000063011001000073035001000083040000900093082001500102100004400117245013200161260004900293300002000342590004100362590004100403590004100444590004200485650003100527650005200558650003400610650004100644650004300685650004200728901000700770942001000777949008000787999001700867952014300884CHAP20220817043007.0971013s1994 r 00010 d a62131 a63103 a67279 cCHAP a338.14bP400aPeniche Patrón, Noé Antonio.98668013aEl sector agropecuario y el TLC que suscribimos con Estados Unidos y Canadáb: riesgos y oportunidades para el campo yucateco aMérida, Yuc. :bGobierno del Estado,c1994 a400 p.b: ilus. aBATCH-UPDb10c20130110lUCH01h0741 aBATCH-UPDb10c20130410lUCH01h0422 aBATCH-UPDb10c20130914lUCH01h0037 aCONVERSIONb10c20130109lUCH01h133304aMéxicoxComerciozE.U.A.14aAgriculturaxAspectos economicoszMexico.9131214aAgriculturaxYucatán.9190214aMéxicoxComercioxCanadá.97667714aProductos pecuariosxYucatán.99220014aTratado Trilateral de Libre Comercio. aBK cLIBRO a338.14 P4bBCcLIBROd33724000630976eLIBROgI. c/eh91683i67279sit50.00 c62131d62131 00102ddc4052708GRALaBCbBCcPA_GRALd2019-12-31eI. c/efLIBROl0o338.14 P4p33724000630976r2019-12-31 00:00:00w2019-12-31yLIBRO